| 000 | 00743nam a22002537a 4500 | ||
|---|---|---|---|
| 003 | UA-OsUOA | ||
| 001 | 27456 | ||
| 007 | ta | ||
| 008 | 20040702b un ||||| |||| 00| 0 ukr d | ||
| 100 | _aЕллинек Г. | ||
| 090 |
_a340.12 _bЕ52 |
||
| 942 | _cBK | ||
| 040 |
_aUA-OsUOA _brus _cUA-OsUOA _dUA-OsUOA |
||
| 245 | _aОбщее учение об государстве | ||
| 300 | _a752 с. | ||
| 955 | _a1 | ||
| 041 | _arus | ||
| 080 | _a340.12 | ||
| 020 | _a5-94201-310-1 | ||
| 260 |
_aСпб. _bЮридический центр Пресс _c2004 |
||
| 044 | _aRU | ||
| 650 | 7 |
_a340 Право в цілому. Пропедевтика. Методи та допоміжні правничі науки _2UDC |
|
| 999 |
_c313801 _d313801 |
||